<?xml version="1.0" encoding="UTF-8"?>
<record
    xmlns:xsi="http://www.w3.org/2001/XMLSchema-instance"
    xsi:schemaLocation="http://www.loc.gov/MARC21/slim http://www.loc.gov/standards/marcxml/schema/MARC21slim.xsd"
    xmlns="http://www.loc.gov/MARC21/slim">

  <leader>02094nam a2200301 a 4500</leader>
  <controlfield tag="001">000000793</controlfield>
  <controlfield tag="003">DO-SdBNP</controlfield>
  <controlfield tag="005">20230922105452.0</controlfield>
  <controlfield tag="008">090509s2003  dr      r 001 0 spa d</controlfield>
  <datafield tag="020" ind1=" " ind2=" ">
    <subfield code="z">9993425451</subfield>
  </datafield>
  <datafield tag="040" ind1=" " ind2=" ">
    <subfield code="a">DO-SdBNP</subfield>
    <subfield code="b">spa</subfield>
    <subfield code="c">BPMSU</subfield>
  </datafield>
  <datafield tag="082" ind1=" " ind2="4">
    <subfield code="a">362.8292</subfield>
    <subfield code="b">P762m 2003</subfield>
    <subfield code="2">22</subfield>
  </datafield>
  <datafield tag="100" ind1="1" ind2=" ">
    <subfield code="a">Pola Zapico, Mar&#xED;a Jes&#xFA;s</subfield>
  </datafield>
  <datafield tag="245" ind1="1" ind2="3">
    <subfield code="a">La mujer dominicana en la relaci&#xF3;n de pareja :</subfield>
    <subfield code="b">respuesta de la justicia a la violencia de g&#xE9;nero /</subfield>
    <subfield code="c">Mar&#xED;a Jes&#xFA;s Pola Zapico ; pr&#xF3;logo Lourdes Contreras.</subfield>
  </datafield>
  <datafield tag="260" ind1=" " ind2=" ">
    <subfield code="a">Santo Domingo :</subfield>
    <subfield code="b">INTEC,</subfield>
    <subfield code="c">2003.</subfield>
  </datafield>
  <datafield tag="300" ind1=" " ind2=" ">
    <subfield code="a">xi, 155 p. ;</subfield>
    <subfield code="c">23 cm.</subfield>
  </datafield>
  <datafield tag="504" ind1=" " ind2=" ">
    <subfield code="a">Incluye referencias bibliogr&#xE1;ficas y notas al pie de las p&#xE1;ginas</subfield>
  </datafield>
  <datafield tag="505" ind1="0" ind2=" ">
    <subfield code="t">Pr&#xF3;logo --</subfield>
    <subfield code="t">Introducci&#xF3;n --</subfield>
    <subfield code="t">La mujer como sujeto de violencia en la familia --</subfield>
    <subfield code="t">La familia y sus trampas --</subfield>
    <subfield code="t">Tradiciones y mitos --</subfield>
    <subfield code="t">Espacio privado --</subfield>
    <subfield code="t">El ciclo de la violencia --</subfield>
    <subfield code="t">El s&#xED;ndrome de estocolmo --</subfield>
    <subfield code="t">El s&#xED;ndrome de la mujer maltratada --</subfield>
    <subfield code="t">El feminicidio y el suicidio del feminicida --</subfield>
    <subfield code="t">Legislaci&#xF3;n y la mujer en situaci&#xF3;n de violencia de pareja --</subfield>
    <subfield code="t">El g&#xE9;nero en el derecho --</subfield>
    <subfield code="t">Marco de derecho internacional --</subfield>
    <subfield code="t">Violaciones al derecho a la integridad personal --</subfield>
    <subfield code="t">Violaciones al derecho a la libertad --</subfield>
    <subfield code="t">Violaciones al derecho a la igualdad --</subfield>
    <subfield code="t">Respuesta del sistema de derecho a la reforma legal en la Rep&#xFA;blica Dominicana --</subfield>
    <subfield code="t">Ley 24-97, sobre violencia intrafamiliar --</subfield>
    <subfield code="t">La normativa --</subfield>
    <subfield code="t">La estructura --</subfield>
    <subfield code="t">Lo pol&#xED;tico cultural: conocimientos, pr&#xE1;cticas y actitudes del sistema operativo de la justicia --</subfield>
    <subfield code="t">Entrevista en el distrito judicial de Santiago, en el sistema penal --</subfield>
    <subfield code="t">Conclusi&#xF3;n --</subfield>
    <subfield code="t">Bibliograf&#xED;a general --</subfield>
    <subfield code="t">Anexos</subfield>
  </datafield>
  <datafield tag="590" ind1=" " ind2=" ">
    <subfield code="a">Inventariado, 2023/VM</subfield>
  </datafield>
  <datafield tag="650" ind1=" " ind2="4">
    <subfield code="a">Violencia conyugal</subfield>
    <subfield code="x">Legislaci&#xF3;n</subfield>
    <subfield code="z">Rep&#xFA;blica Dominicana</subfield>
  </datafield>
  <datafield tag="650" ind1=" " ind2="4">
    <subfield code="a">Violencia conyugal</subfield>
    <subfield code="z">Rep&#xFA;blica Dominicana</subfield>
  </datafield>
  <datafield tag="650" ind1=" " ind2="4">
    <subfield code="a">Derechos de la mujer</subfield>
    <subfield code="z">Rep&#xFA;blica Dominicana</subfield>
  </datafield>
  <datafield tag="650" ind1=" " ind2="4">
    <subfield code="a">Violencia familiar</subfield>
    <subfield code="z">Rep&#xFA;blica Dominicana</subfield>
  </datafield>
  <datafield tag="700" ind1="1" ind2=" ">
    <subfield code="a">Contreras, Lourdes</subfield>
    <subfield code="e">pr&#xF3;l.</subfield>
  </datafield>
  <datafield tag="710" ind1="2" ind2=" ">
    <subfield code="a">Instituto Tecnol&#xF3;gico de Santo Domingo </subfield>
  </datafield>
  <datafield tag="910" ind1=" " ind2=" ">
    <subfield code="a"> VMateo V.Control de calidad BPMSU</subfield>
  </datafield>
  <datafield tag="942" ind1=" " ind2=" ">
    <subfield code="2">ddc</subfield>
    <subfield code="c">BK</subfield>
  </datafield>
  <datafield tag="952" ind1=" " ind2=" ">
    <subfield code="0">0</subfield>
    <subfield code="1">0</subfield>
    <subfield code="2">ddc</subfield>
    <subfield code="4">0</subfield>
    <subfield code="7">0</subfield>
    <subfield code="8">CD</subfield>
    <subfield code="a">BPMET</subfield>
    <subfield code="b">BPMET</subfield>
    <subfield code="d">2023-09-22</subfield>
    <subfield code="l">0</subfield>
    <subfield code="o">BPMSU CD 362.8292 P762m 2003</subfield>
    <subfield code="p">BPMSU23090001</subfield>
    <subfield code="r">2023-09-22</subfield>
    <subfield code="w">2023-09-22</subfield>
    <subfield code="y">BK</subfield>
  </datafield>
  <datafield tag="952" ind1=" " ind2=" ">
    <subfield code="0">0</subfield>
    <subfield code="1">0</subfield>
    <subfield code="2">ddc</subfield>
    <subfield code="4">0</subfield>
    <subfield code="7">0</subfield>
    <subfield code="8">CD</subfield>
    <subfield code="a">BPMET</subfield>
    <subfield code="b">BPMET</subfield>
    <subfield code="d">2023-09-22</subfield>
    <subfield code="l">0</subfield>
    <subfield code="o">BPMSU CD 362.8292 P762m 2003</subfield>
    <subfield code="p">BPMSU23090002</subfield>
    <subfield code="r">2023-09-22</subfield>
    <subfield code="t">e.2</subfield>
    <subfield code="w">2023-09-22</subfield>
    <subfield code="y">BK</subfield>
  </datafield>
  <datafield tag="999" ind1=" " ind2=" ">
    <subfield code="c">14466</subfield>
    <subfield code="d">14466</subfield>
  </datafield>
</record>
